[Event "Welsh Chess Championships"]
[Site "Cardiff, Wales"]
[Date "2017.04.14"]
[Round "1.1"]
[White "Kett, Tim"]
[Black "Waterfield, John W"]
[Result "1-0"]
[WhiteElo "2220"]
[BlackElo "1948"]
[PlyCount "49"]
[EventDate "2017.??.??"]

1. Nf3 g6 2. d4 Bg7 3. e4 c5 4. d5 d6 5. Nc3 Nf6 6. Be2 O-O 7. O-O Na6 8. h3
Nc7 9. a4 b6 10. Bf4 Bb7 11. Re1 Nfe8 12. Bg3 e6 13. dxe6 fxe6 14. e5 Nd5 15.
Ne4 Ne3 16. Qd3 Nf5 17. exd6 Nxg3 18. fxg3 Bxe4 19. Qxe4 Nxd6 20. Qxe6+ Nf7 21.
Rad1 Qf6 22. Bc4 Kh8 23. Rd7 Ng5 24. Nxg5 Qxg5 25. Qe7 1-0

[Event "Welsh Chess Championships"]
[Site "Cardiff, Wales"]
[Date "2017.04.14"]
[Round "1.2"]
[White "Thomas, Ben"]
[Black "Bullen, Alex"]
[Result "1-0"]
[WhiteElo "1936"]
[BlackElo "2105"]
[PlyCount "51"]
[EventDate "2017.??.??"]

1. e4 c6 2. d4 d5 3. Nc3 dxe4 4. Nxe4 Bf5 5. Ng3 Bg6 6. Nf3 Nd7 7. Bc4 e6 8.
O-O Ngf6 9. Qe2 Be7 10. c3 O-O 11. Bd2 Re8 12. Nh4 Bd6 13. f4 Nh5 14. Nxg6 Nxg3
15. hxg3 hxg6 16. Rae1 Rc8 17. Qf3 Nf6 18. g4 Qb6 19. b3 c5 20. g5 Nd7 21. d5
e5 22. fxe5 Nxe5 23. Rxe5 Bxe5 24. Qxf7+ Kh7 25. Rf3 Bh2+ 26. Kh1 1-0

[Event "Welsh Chess Championships"]
[Site "Cardiff, Wales"]
[Date "2017.04.14"]
[Round "1.3"]
[White "Sands, David A"]
[Black "Bevan, Peter M"]
[Result "1/2-1/2"]
[WhiteElo "2103"]
[BlackElo "1933"]
[PlyCount "42"]
[EventDate "2017.??.??"]

1. d4 d5 2. c4 c6 3. Nf3 Nf6 4. e3 a6 5. Bd3 Bg4 6. Nbd2 e6 7. Qc2 Nbd7 8. O-O
Bd6 9. b3 Bh5 10. Bb2 Bg6 11. e4 dxe4 12. Nxe4 Nxe4 13. Bxe4 Nf6 14. Bd3 Qc7
15. h3 O-O-O 16. Rad1 Kb8 17. Rfe1 Bh5 18. Be2 Bg6 19. Bd3 Bh5 20. Be2 Bg6 21.
Bd3 Bh5 1/2-1/2

[Event "Welsh Chess Championships"]
[Site "Cardiff, Wales"]
[Date "2017.04.14"]
[Round "1.4"]
[White "Davis, Lee"]
[Black "Jameson, David"]
[Result "0-1"]
[WhiteElo "1933"]
[BlackElo "2098"]
[PlyCount "110"]
[EventDate "2017.??.??"]

1. d4 Nf6 2. g3 c5 3. Nf3 cxd4 4. Qxd4 Nc6 5. Qa4 g6 6. Bg2 Bg7 7. O-O O-O 8.
c3 d6 9. Na3 Qb6 10. Qb5 Qc7 11. Nd4 Bd7 12. Qb3 a6 13. h3 Rab8 14. Be3 b5 15.
Nxc6 Bxc6 16. Bxc6 Qxc6 17. Nc2 Qc4 18. Rfe1 Rb7 19. Rad1 Nd7 20. Bd4 Ne5 21.
Ne3 Qc6 22. Bxe5 Bxe5 23. Qd5 Qb6 24. Kg2 Rc8 25. Qd2 Rc5 26. Nd5 Qc6 27. e4 a5
28. f4 Bg7 29. f5 b4 30. Rc1 bxc3 31. Nxc3 gxf5 32. Nd5 fxe4 33. Rxc5 dxc5 34.
Kh2 Kf8 35. Nc3 Qd6 36. Qg2 f5 37. Rd1 Qb6 38. Na4 Qc7 39. Qc2 Be5 40. Nxc5
Bxg3+ 41. Kh1 Qb6 42. Qc3 Kf7 43. Nxb7 Qf2 44. Nd8+ Kg6 45. Qd2 Qf3+ 46. Kg1
Bf2+ 47. Qxf2 Qxd1+ 48. Kg2 Qxd8 49. Qg3+ Kf7 50. Qb3+ e6 51. Qc3 Qg5+ 52. Kf1
Qf4+ 53. Ke1 e3 54. Qxa5 Qf2+ 55. Kd1 e2+ 0-1

[Event "Welsh Chess Championships"]
[Site "Cardiff, Wales"]
[Date "2017.04.14"]
[Round "1.5"]
[White "Brown, Thomas"]
[Black "Ehsandar, Peter"]
[Result "0-1"]
[WhiteElo "2060"]
[BlackElo "1933"]
[PlyCount "70"]
[EventDate "2017.??.??"]

1. d4 Nf6 2. Nf3 e6 3. Bg5 h6 4. Bxf6 Qxf6 5. e4 b6 6. Nbd2 Bb7 7. Bd3 c5 8. d5
e5 9. Nc4 d6 10. O-O Qd8 11. Nfd2 Be7 12. a4 O-O 13. Ne3 Bg5 14. Qe2 Nd7 15.
Nf5 Nf6 16. Nf3 g6 17. Ne3 Nh5 18. g3 Bc8 19. a5 bxa5 20. Nxg5 hxg5 21. Ra3 Nf6
22. Rfa1 Kg7 23. Rxa5 Qd7 24. Bb5 Qh3 25. f3 g4 26. Nxg4 Bxg4 27. fxg4 Rh8 28.
Rxa7 Raf8 29. g5 Nxe4 30. Qxe4 Qxh2+ 31. Kf1 Qxg3 32. Qg2 Qf4+ 33. Kg1 Rh5 34.
R7a4 Qe3+ 35. Kf1 Rfh8 0-1

[Event "Welsh Chess Championships"]
[Site "Cardiff, Wales"]
[Date "2017.04.14"]
[Round "1.6"]
[White "Turner, Joseph David"]
[Black "Young, Alan"]
[Result "0-1"]
[WhiteElo "1933"]
[BlackElo "2056"]
[PlyCount "72"]
[EventDate "2017.??.??"]

1. e4 e5 2. f4 exf4 3. Bc4 Nc6 4. Nf3 g5 5. h3 Bg7 6. d4 d6 7. c3 h6 8. Qb3 Qd7
9. h4 Na5 10. Qb5 Nxc4 11. Qxc4 g4 12. Ng1 Nf6 13. Bxf4 Nxe4 14. Nd2 Nxd2 15.
Kxd2 O-O 16. Re1 b5 17. Qd3 b4 18. Ne2 Qa4 19. cxb4 Qxb4+ 20. Qc3 Qb6 21. Be3
c5 22. Ref1 Rb8 23. b3 Qa6 24. Qc2 Re8 25. Rf4 Qa5+ 26. Kd1 Rxe3 27. Rhf1 Ba6
28. R1f2 Rbe8 29. Qf5 Rd3+ 30. Kc1 Qe1+ 31. Kb2 Rxe2+ 32. Rxe2 Qxe2+ 33. Ka3
Qe6 34. Qxe6 fxe6 35. dxc5 dxc5 36. Rxg4 c4 0-1

[Event "Welsh Chess Championships"]
[Site "Cardiff, Wales"]
[Date "2017.04.14"]
[Round "1.7"]
[White "Saunders, Walter N. R"]
[Black "Taylor, Robert Graham"]
[Result "1/2-1/2"]
[WhiteElo "2030"]
[BlackElo "1932"]
[PlyCount "56"]
[EventDate "2017.??.??"]

1. Nf3 Nf6 2. c4 g6 3. Nc3 Bg7 4. d4 d6 5. e4 O-O 6. Be2 Nbd7 7. O-O e5 8. d5
Nc5 9. Nd2 a5 10. b3 Ne8 11. Rb1 f5 12. a3 Nf6 13. f3 Bh6 14. b4 axb4 15. axb4
Na6 16. Qb3 b6 17. c5 bxc5 18. bxc5 Nxc5 19. Qc2 Ba6 20. Bxa6 Rxa6 21. exf5
gxf5 22. Qxf5 Qc8 23. Qxc8 Rxc8 24. Nde4 Nfxe4 25. Nxe4 Bxc1 26. Rfxc1 Nxe4 27.
fxe4 Ra4 28. Re1 c5 1/2-1/2

[Event "Welsh Chess Championships"]
[Site "Cardiff, Wales"]
[Date "2017.04.14"]
[Round "1.8"]
[White "Morcom, Huw"]
[Black "Hatchett, Paul"]
[Result "1/2-1/2"]
[WhiteElo "1925"]
[BlackElo "2022"]
[PlyCount "59"]
[EventDate "2017.??.??"]

1. e4 Nf6 2. d3 e5 3. Nf3 Nc6 4. Be2 d5 5. Nbd2 Bc5 6. O-O O-O 7. Nb3 Bb6 8.
exd5 Qxd5 9. Bg5 Nd7 10. Be3 Bxe3 11. fxe3 Nf6 12. e4 Qd6 13. Kh1 Ng4 14. Qd2
f5 15. exf5 Rxf5 16. Ng5 Qh6 17. Nh3 Ne3 18. Rf3 Rxf3 19. Bxf3 Bxh3 20. Re1
Nxc2 21. Qxc2 Bd7 22. Nc5 Rd8 23. Qc4+ Kh8 24. Nxb7 Rf8 25. Nc5 Qd2 26. Qc1
Qxc1 27. Rxc1 Be8 28. Ne6 Rf7 29. Kg1 Nb4 30. Rxc7 1/2-1/2

[Event "Welsh Chess Championships"]
[Site "Cardiff, Wales"]
[Date "2017.04.14"]
[Round "1.9"]
[White "Heaven, Peter"]
[Black "Van Kemenade, Rudy"]
[Result "1-0"]
[WhiteElo "2022"]
[BlackElo "1914"]
[PlyCount "79"]
[EventDate "2017.??.??"]

1. e4 e5 2. Nf3 Nc6 3. Bb5 a6 4. Ba4 Nf6 5. O-O b5 6. Bb3 Be7 7. Re1 O-O 8. a4
Bb7 9. Nc3 b4 10. Nd5 Na5 11. Nxe7+ Qxe7 12. d3 Nxb3 13. cxb3 d6 14. Bg5 h6 15.
Bh4 Qe6 16. h3 Nd7 17. Rc1 c5 18. Nd2 f5 19. exf5 Rxf5 20. Ne4 Bd5 21. Nd2 Nf8
22. Nc4 Ng6 23. Bg3 Raf8 24. Qd2 Bc6 25. d4 Nf4 26. Bxf4 Rxf4 27. dxe5 Rxf2 28.
Qxf2 Rxf2 29. Kxf2 Qd5 30. Ne3 Qxe5 31. Re2 Qf4+ 32. Kg1 Qe4 33. Rce1 d5 34.
Ng4 Qd3 35. Ne5 Qd4+ 36. Kh1 Bb7 37. Nd7 c4 38. Re8+ Kh7 39. Nf8+ Kg8 40. Ne6+
1-0

[Event "Welsh Chess Championships"]
[Site "Cardiff, Wales"]
[Date "2017.04.14"]
[Round "1.10"]
[White "James, Dai"]
[Black "Rodriguez, Juan Talavera"]
[Result "0-1"]
[WhiteElo "1849"]
[BlackElo "1988"]
[PlyCount "34"]
[EventDate "2017.??.??"]

1. f4 d5 2. Nf3 Nf6 3. g3 g6 4. Bg2 Bg7 5. O-O O-O 6. d3 Nbd7 7. Qe1 c6 8. e4
dxe4 9. dxe4 e5 10. Nc3 Re8 11. h3 exf4 12. gxf4 Nxe4 13. Nxe4 f5 14. Nfg5 Nc5
15. Qh4 h6 16. Nxc5 hxg5 17. Qf2 Bd4 0-1

[Event "Welsh Chess Championships"]
[Site "Cardiff, Wales"]
[Date "2017.04.14"]
[Round "1.11"]
[White "Pleasants, Allan J"]
[Black "Camp, Imogen A L"]
[Result "1-0"]
[WhiteElo "1982"]
[BlackElo "1823"]
[PlyCount "55"]
[EventDate "2017.??.??"]

1. c4 e6 2. g3 d5 3. Bg2 Nf6 4. Nf3 Be7 5. O-O O-O 6. d4 Nbd7 7. cxd5 exd5 8.
Nbd2 Re8 9. b3 Nf8 10. Bb2 Bf5 11. Nh4 Bd7 12. Qc2 c6 13. a3 Ne4 14. Nhf3 Bf5
15. Nxe4 Bxe4 16. Qc3 Nd7 17. Bh3 Bd6 18. Nd2 Bg6 19. Rfe1 Nf6 20. f3 Qc7 21.
Nf1 Re7 22. b4 Rae8 23. e3 Nd7 24. Ra2 Nb6 25. Bc1 f5 26. Rae2 f4 27. gxf4 Bxf4
28. Rg2 1-0

[Event "Welsh Chess Championships"]
[Site "Cardiff, Wales"]
[Date "2017.04.14"]
[Round "1.12"]
[White "Sivarajasingam, Shayanna"]
[Black "Fathallah, Joe"]
[Result "1-0"]
[WhiteElo "1729"]
[BlackElo "1975"]
[PlyCount "99"]
[EventDate "2017.??.??"]

1. e4 e6 2. d4 d5 3. Nd2 Nf6 4. e5 Nfd7 5. f4 c5 6. c3 Nc6 7. Ndf3 Qb6 8. Ne2
Be7 9. g3 O-O 10. Bh3 cxd4 11. cxd4 f6 12. Bxe6+ Kh8 13. exf6 Nxf6 14. Bxc8
Raxc8 15. Nc3 Bb4 16. O-O Nxd4 17. Nxd4 Rxc3 18. bxc3 Bxc3 19. Ba3 Bxd4+ 20.
Kh1 Re8 21. Rb1 Qa6 22. Qxd4 Qxa3 23. Rxb7 Qxa2 24. Rfb1 Qe2 25. Rb8 Rxb8 26.
Rxb8+ Ng8 27. Kg1 Qe1+ 28. Kg2 Qe2+ 29. Qf2 Qe4+ 30. Qf3 Qc2+ 31. Kh3 Qc7 32.
Qb3 Qd7+ 33. Kg2 Qe6 34. Qd3 Qc6 35. Rd8 d4+ 36. Kf2 Qh1 37. h4 Qh2+ 38. Kf3
Qh1+ 39. Kg4 Qc6 40. Qb3 h5+ 41. Kxh5 Qh6+ 42. Kg4 Qh7 43. Qc4 a5 44. f5 a4 45.
Qxd4 Qh6 46. Qc4 Qh7 47. Qxa4 Qg6+ 48. Kf4 Qh6+ 49. Ke4 Qg6 50. Rxg8+ 1-0

[Event "Welsh Chess Championships"]
[Site "Cardiff, Wales"]
[Date "2017.04.14"]
[Round "2.1"]
[White "Ehsandar, Peter"]
[Black "Kett, Tim"]
[Result "0-1"]
[WhiteElo "1933"]
[BlackElo "2220"]
[PlyCount "50"]
[EventDate "2017.??.??"]

1. e4 e5 2. Nf3 Nc6 3. Bb5 a6 4. Ba4 Nf6 5. d3 d6 6. O-O g6 7. Nc3 Bg7 8. a3
O-O 9. Bb3 Bg4 10. Be3 Nd4 11. Bxd4 exd4 12. Nd5 Nd7 13. h3 Be6 14. c4 dxc3 15.
Nxc3 Bxb3 16. Qxb3 Nc5 17. Qc2 f5 18. Nd2 Qf6 19. Rac1 Rae8 20. b4 Ne6 21. Nd5
Qf7 22. Nf3 c6 23. Ne3 fxe4 24. dxe4 Nf4 25. Kh2 Nxg2 0-1

[Event "Welsh Chess Championships"]
[Site "Cardiff, Wales"]
[Date "2017.04.14"]
[Round "2.2"]
[White "Jameson, David"]
[Black "Pleasants, Allan J"]
[Result "1/2-1/2"]
[WhiteElo "2098"]
[BlackElo "1982"]
[PlyCount "46"]
[EventDate "2017.??.??"]

1. d4 g6 2. c4 Bg7 3. Nc3 d6 4. e4 Nc6 5. Be3 Nf6 6. Be2 O-O 7. Nf3 Bg4 8. O-O
Nd7 9. Rc1 Bxf3 10. Bxf3 e5 11. d5 Nd4 12. Bxd4 exd4 13. Nb5 a6 14. Nxd4 Qf6
15. Nb3 Qxb2 16. Rc2 Qa3 17. h4 Nc5 18. Nd4 Rae8 19. Re1 Re7 20. Re3 Qb4 21.
Nb3 Rfe8 22. Nxc5 Qxc5 23. Qd3 Bd4 1/2-1/2

[Event "Welsh Chess Championships"]
[Site "Cardiff, Wales"]
[Date "2017.04.14"]
[Round "2.3"]
[White "Young, Alan"]
[Black "Thomas, Ben"]
[Result "0-1"]
[WhiteElo "2056"]
[BlackElo "1936"]
[PlyCount "68"]
[EventDate "2017.??.??"]

1. e4 e5 2. Nf3 Nc6 3. Bb5 d6 4. d4 exd4 5. Nxd4 Bd7 6. Bxc6 bxc6 7. c4 c5 8.
Nf3 Bc6 9. Nc3 Nf6 10. O-O Be7 11. Re1 O-O 12. b3 Ng4 13. h3 Ne5 14. Nxe5 dxe5
15. Qg4 Kh8 16. Rd1 Bd6 17. Nd5 Bd7 18. Qh5 f5 19. Bg5 Qe8 20. Qh4 Rf7 21. b4
Ba4 22. bxc5 Bxc5 23. Rd2 f4 24. Nc3 Bd4 25. Rc1 Bxc3 26. Rxc3 h6 27. Rcd3 Bd7
28. Qh5 Qe6 29. c5 Kg8 30. h4 hxg5 31. hxg5 Qg4 32. Qg6 f3 33. Rxf3 Rxf3 34. c6
Be8 0-1

[Event "Welsh Chess Championships"]
[Site "Cardiff, Wales"]
[Date "2017.04.14"]
[Round "2.4"]
[White "Sivarajasingam, Venetia"]
[Black "Heaven, Peter"]
[Result "0-1"]
[WhiteElo "1704"]
[BlackElo "2022"]
[PlyCount "86"]
[EventDate "2017.??.??"]

1. e4 c5 2. Nf3 d6 3. Bb5+ Nd7 4. d4 cxd4 5. Qxd4 a6 6. Bxd7+ Bxd7 7. c4 Rc8 8.
Nc3 e5 9. Qd3 Qc7 10. b3 b5 11. Nd5 Qc6 12. Nd2 Ne7 13. O-O Nxd5 14. cxd5 Qb6
15. Bb2 Be7 16. Rac1 O-O 17. Qg3 f5 18. Kh1 f4 19. Qd3 Qb7 20. Rxc8 Rxc8 21.
Rc1 Rxc1+ 22. Bxc1 Qc7 23. Bb2 Qc5 24. Kg1 Bd8 25. Qc3 Qa7 26. Nf3 Bb6 27. Qd2
h6 28. Ba3 Bc5 29. Bxc5 Qxc5 30. h3 b4 31. Ne1 Bb5 32. Nc2 a5 33. Ne1 Ba6 34.
Nf3 Kf7 35. Kh2 g5 36. Kg1 Ke7 37. Kh2 Kd7 38. Kg1 Kc7 39. Kh2 Qc3 40. Kg1 Kb6
41. Qd1 Kc5 42. Nxe5 Qxe5 43. Qc2+ Qc3 0-1

[Event "Welsh Chess Championships"]
[Site "Cardiff, Wales"]
[Date "2017.04.14"]
[Round "2.5"]
[White "Rodriguez, Juan Talavera"]
[Black "Sivarajasingam, Shayanna"]
[Result "1-0"]
[WhiteElo "1988"]
[BlackElo "1729"]
[PlyCount "95"]
[EventDate "2017.??.??"]

1. e4 e6 2. d4 d5 3. Nc3 dxe4 4. Nxe4 Nd7 5. Nf3 Ngf6 6. Nxf6+ Nxf6 7. c3 Be7
8. Bd3 O-O 9. Qc2 c5 10. Be3 Qc7 11. O-O-O c4 12. Be2 b5 13. Ne5 Bb7 14. Rhg1
Qa5 15. a3 Nd5 16. Bf3 f6 17. Ng4 Qb6 18. Bd2 a5 19. Ne3 Rfc8 20. Nxd5 Bxd5 21.
Bxd5 exd5 22. Rge1 Qb7 23. Qf5 b4 24. cxb4 axb4 25. Rxe7 Qxe7 26. Qxd5+ Qf7 27.
Qxf7+ Kxf7 28. Bxb4 Rc7 29. d5 Re8 30. d6 Rd7 31. Kd2 f5 32. Rc1 Rc8 33. b3 c3+
34. Rxc3 Rxc3 35. Kxc3 g5 36. Kd4 Ke6 37. Bc5 h5 38. a4 f4 39. a5 Kf5 40. a6 g4
41. a7 Rd8 42. Kd5 h4 43. b4 g3 44. fxg3 hxg3 45. hxg3 fxg3 46. b5 Kf6 47. b6
Re8 48. b7 1-0

[Event "Welsh Chess Championships"]
[Site "Cardiff, Wales"]
[Date "2017.04.14"]
[Round "2.6"]
[White "Taylor, Robert Graham"]
[Black "Sands, David A"]
[Result "1/2-1/2"]
[WhiteElo "1932"]
[BlackElo "2103"]
[PlyCount "27"]
[EventDate "2017.??.??"]

1. Nf3 d5 2. g3 Nf6 3. Bg2 Bf5 4. O-O e6 5. c4 c6 6. b3 h6 7. d3 Be7 8. Bb2 O-O
9. Nbd2 Bh7 10. a3 a5 11. Ne5 Nbd7 12. Ndf3 Nxe5 13. Nxe5 Nd7 14. cxd5 1/2-1/2

[Event "Welsh Chess Championships"]
[Site "Cardiff, Wales"]
[Date "2017.04.14"]
[Round "2.7"]
[White "Bevan, Peter M"]
[Black "Ralphs, Nigel"]
[Result "1/2-1/2"]
[WhiteElo "1933"]
[BlackElo "2058"]
[PlyCount "71"]
[EventDate "2017.??.??"]

1. c4 c6 2. Nf3 d5 3. g3 Bg4 4. Bg2 e6 5. b3 Nd7 6. Bb2 f6 7. cxd5 cxd5 8. d4
Bb4+ 9. Nbd2 f5 10. O-O Ngf6 11. Ne5 Nxe5 12. dxe5 Ne4 13. Nxe4 fxe4 14. Bd4
O-O 15. f3 exf3 16. exf3 Bf5 17. a3 Be7 18. Qd2 Rc8 19. Rfc1 Qd7 20. b4 Qa4 21.
Rxc8 Rxc8 22. Rc1 Rxc1+ 23. Qxc1 b6 24. Bf1 Qb3 25. Qc3 Qd1 26. g4 Bg6 27. Bf2
h5 28. h3 hxg4 29. hxg4 Bg5 30. Kg2 Qc2 31. Qxc2 Bxc2 32. Bb5 Bc1 33. a4 Bd2
34. a5 Bxb4 35. axb6 axb6 36. Bxb6 1/2-1/2

[Event "Welsh Chess Championships"]
[Site "Cardiff, Wales"]
[Date "2017.04.14"]
[Round "2.8"]
[White "White, Ernest M"]
[Black "Saunders, Walter N. R"]
[Result "0-1"]
[WhiteElo "1867"]
[BlackElo "2030"]
[PlyCount "108"]
[EventDate "2017.??.??"]

1. e4 g6 2. d4 Bg7 3. Nc3 d6 4. g3 Nd7 5. Bg2 c5 6. Nge2 Ngf6 7. O-O O-O 8. h3
Rb8 9. Be3 b5 10. a3 Qc7 11. Nf4 e6 12. Qe2 a6 13. g4 Bb7 14. g5 Ne8 15. d5 e5
16. Nd3 Nb6 17. Rae1 f5 18. f3 f4 19. Bc1 Qe7 20. h4 h6 21. Bh3 Bc8 22. Bxc8
Rxc8 23. Qg2 hxg5 24. hxg5 Kf7 25. Kf2 Rh8 26. Rh1 Nc7 27. Ke2 Rcg8 28. Nf2 a5
29. Reg1 b4 30. Nb1 Qd7 31. Ng4 Qb5+ 32. Kd1 Qc4 33. Rxh8 Rxh8 34. Nh6+ Ke7 35.
Nd2 Qd4 36. Rh1 c4 37. Qg1 Qxg1+ 38. Rxg1 Bxh6 39. gxh6 Rxh6 40. Nf1 Nb5 41.
axb4 axb4 42. Bd2 c3 43. bxc3 bxc3 44. Be1 Nc4 45. Ke2 Nb2 46. Bf2 Kf6 47. Bb6
Rh8 48. Bf2 Na3 49. Be1 Rc8 50. Bh4+ Kf7 51. Bg5 Nxc2 52. Rh1 Nd4+ 53. Kf2 Nd3+
54. Kg2 Ne1+ 0-1

[Event "Welsh Chess Championships"]
[Site "Cardiff, Wales"]
[Date "2017.04.14"]
[Round "2.9"]
[White "Hatchett, Paul"]
[Black "Guha, Chirag"]
[Result "1-0"]
[WhiteElo "2022"]
[BlackElo "1752"]
[PlyCount "59"]
[EventDate "2017.??.??"]

1. e4 e5 2. Nc3 Nf6 3. f4 d5 4. fxe5 Nxe4 5. d3 Nxc3 6. bxc3 d4 7. Nf3 c5 8.
Be2 Be7 9. O-O O-O 10. Qe1 h6 11. Qg3 Kh7 12. Kh1 Nc6 13. Bb2 dxc3 14. Bxc3 Nd4
15. Bxd4 cxd4 16. Qf4 Bb4 17. Rab1 Bc3 18. Nh4 Kg8 19. Nf5 Bxf5 20. Qxf5 Qc7
21. Bf3 Rab8 22. Bd5 Qe7 23. Rf2 Rbc8 24. Rxb7 Rc7 25. Rxc7 Qxc7 26. e6 Rb8 27.
exf7+ Kf8 28. Bb3 a5 29. Qh7 Qd8 30. Re2 1-0

[Event "Welsh Chess Championships"]
[Site "Cardiff, Wales"]
[Date "2017.04.14"]
[Round "2.10"]
[White "Bullen, Alex"]
[Black "Morcom, Huw"]
[Result "1/2-1/2"]
[WhiteElo "2105"]
[BlackElo "1925"]
[PlyCount "72"]
[EventDate "2017.??.??"]

1. e4 c5 2. Nf3 d6 3. d4 cxd4 4. Nxd4 Nf6 5. Nc3 a6 6. Bc4 g6 7. Be3 Bg7 8. f3
Nc6 9. Qd2 Bd7 10. O-O-O h5 11. Kb1 Ne5 12. Bb3 Rc8 13. Nd5 Nxd5 14. Bxd5 Nc4
15. Bxc4 Rxc4 16. b3 Rc8 17. Ne2 Qc7 18. Bd4 O-O 19. Bxg7 Kxg7 20. c4 Qc5 21.
Nf4 Be6 22. Rhe1 Qe5 23. Qd4 Qxd4 24. Rxd4 Rc5 25. Nd3 Rc7 26. Nb4 Rfc8 27. Re2
a5 28. Nd3 a4 29. Kb2 axb3 30. axb3 b5 31. cxb5 Rc3 32. Kb1 Bxb3 33. Nb4 Bc4
34. Rc2 Bxb5 35. Rxc3 Rxc3 36. Nd5 Rc4 1/2-1/2

[Event "Welsh Chess Championships"]
[Site "Cardiff, Wales"]
[Date "2017.04.14"]
[Round "2.11"]
[White "Van Kemenade, Rudy"]
[Black "Brown, Thomas"]
[Result "1-0"]
[WhiteElo "1914"]
[BlackElo "2060"]
[PlyCount "111"]
[EventDate "2017.??.??"]

1. f4 g6 2. Nf3 Bg7 3. g3 d5 4. Bg2 Nf6 5. d3 O-O 6. O-O c5 7. c3 Nc6 8. Na3 b6
9. Qa4 Bd7 10. Qc2 d4 11. e4 dxe3 12. Bxe3 Ng4 13. Rfe1 a6 14. Nc4 Qc7 15. h3
Nxe3 16. Rxe3 Rad8 17. Nce5 Nxe5 18. Nxe5 Bxe5 19. Rxe5 Bf5 20. Rd1 c4 21. Be4
Bxh3 22. dxc4 Qxc4 23. Kh2 Bg4 24. Rxd8 Rxd8 25. Rxe7 Qc5 26. Re5 Qf8 27. Bd5
Qh6+ 28. Kg1 Bf5 29. Qd2 Qh3 30. Qe3 Be6 31. c4 Bxd5 32. cxd5 Qg4 33. Re8+ Rxe8
34. Qxe8+ Kg7 35. Qe5+ Kg8 36. Kf2 Qd1 37. d6 h5 38. Ke3 Qe1+ 39. Kd4 Qf2+ 40.
Kd5 Qg2+ 41. Qe4 Qxb2 42. Qe8+ Kh7 43. Qxf7+ Kh6 44. Qf8+ Kh7 45. Qe7+ Kh6 46.
Kc6 Qg2+ 47. Kc7 Qa8 48. d7 Qa7+ 49. Kd6 Qb8+ 50. Ke6 Qg8+ 51. Ke5 Qb8+ 52. Kd4
Qh8+ 53. Qe5 Qf8 54. Qg5+ Kh7 55. d8=Q Qb4+ 56. Kd5 1-0

[Event "Welsh Chess Championships"]
[Site "Cardiff, Wales"]
[Date "2017.04.14"]
[Round "2.12"]
[White "Fathallah, Joe"]
[Black "Turner, Joseph David"]
[Result "0-1"]
[WhiteElo "1975"]
[BlackElo "1933"]
[PlyCount "74"]
[EventDate "2017.??.??"]

1. d4 Nf6 2. c4 e5 3. dxe5 Ng4 4. Nf3 Bc5 5. e3 Nc6 6. Nbd2 Qe7 7. Be2 Bxe3 8.
fxe3 Nxe3 9. Qb3 Nxg2+ 10. Kf2 Nf4 11. Qe3 Nh3+ 12. Ke1 d6 13. Ne4 dxe5 14. Bd2
f5 15. Nf2 f4 16. Qe4 O-O 17. Nxh3 Bxh3 18. Bc3 Rae8 19. Rg1 Bf5 20. Qd5+ Kh8
21. Rd1 Nd4 22. Rxd4 exd4 23. Nxd4 Bg6 24. Qf3 c5 25. Nb3 Rf7 26. Nd2 Qh4+ 27.
Qf2 Rxe2+ 28. Kxe2 Re7+ 29. Kf3 Bh5+ 30. Kg2 Re2 31. Qxe2 Bxe2 32. Kh1 Bg4 33.
Rf1 Bd7 34. Kg1 Bh3 35. Rc1 Qg4+ 36. Kf2 Qg2+ 37. Ke1 Qg1+ 0-1

[Event "Welsh Chess Championships"]
[Site "Cardiff, Wales"]
[Date "2017.04.14"]
[Round "2.13"]
[White "Waterfield, John W"]
[Black "James, Dai"]
[Result "1-0"]
[WhiteElo "1948"]
[BlackElo "1849"]
[PlyCount "81"]
[EventDate "2017.??.??"]

1. e4 e5 2. f4 d5 3. exd5 e4 4. d3 Nf6 5. dxe4 Nxe4 6. Be3 Qh4+ 7. g3 Nxg3 8.
Nf3 Qe7 9. hxg3 Qxe3+ 10. Qe2 Bc5 11. Nbd2 Bg4 12. Qxe3+ Bxe3 13. Ne5 Bf5 14.
Bb5+ Nd7 15. Ndc4 Bd4 16. O-O-O Bxe5 17. Nxe5 f6 18. Rde1 fxe5 19. Rxe5+ Kd8
20. Rxf5 Nf6 21. Be2 Re8 22. Re5 Kd7 23. Bb5+ c6 24. dxc6+ bxc6 25. Rd1+ Kc7
26. Bd3 Rad8 27. Rde1 g6 28. Rxe8 Rxe8 29. Kd2 Kd6 30. Rxe8 Nxe8 31. Ke3 Nf6
32. Be4 c5 33. c4 a5 34. Bf3 Ke6 35. g4 h5 36. f5+ Ke5 37. g5 Kxf5 38. gxf6
Kxf6 39. Ke4 Kg5 40. Kd5 Kf4 41. Bh1 1-0

[Event "Welsh Chess Championships"]
[Site "Cardiff, Wales"]
[Date "2017.04.14"]
[Round "2.14"]
[White "Camp, Imogen A L"]
[Black "Davis, Lee"]
[Result "0-1"]
[WhiteElo "1823"]
[BlackElo "1933"]
[PlyCount "50"]
[EventDate "2017.??.??"]

1. d4 Nf6 2. Nf3 g6 3. Bf4 Bg7 4. e3 O-O 5. Bd3 d5 6. Nbd2 c5 7. c3 Nc6 8. Ne5
Nh5 9. Nxc6 bxc6 10. Bg5 cxd4 11. exd4 Qd6 12. O-O e5 13. dxe5 Bxe5 14. Nf3 Bf4
15. Re1 Bxg5 16. Nxg5 Nf4 17. Bf1 Qf6 18. Nf3 Bg4 19. Be2 Rfe8 20. Nd4 Rxe2 21.
Nxe2 Qg5 22. h4 Qxh4 23. Qd2 Nxg2 24. Rf1 Bf3 25. Qd3 Ne1 0-1

[Event "Welsh Chess Championships"]
[Site "Cardiff, Wales"]
[Date "2017.04.15"]
[Round "3.1"]
[White "Kett, Tim"]
[Black "Rodriguez, Juan Talavera"]
[Result "1-0"]
[WhiteElo "2220"]
[BlackElo "1988"]
[PlyCount "91"]
[EventDate "2017.??.??"]

1. e4 e5 2. Nf3 Nc6 3. Bb5 Nf6 4. O-O Nxe4 5. d4 Nd6 6. Bxc6 dxc6 7. dxe5 Nf5
8. Qxd8+ Kxd8 9. Nc3 Ke8 10. Ne4 b6 11. Re1 Bb4 12. Bd2 Bxd2 13. Nexd2 h5 14.
Nf1 Rh6 15. Ne3 Ne7 16. Rad1 c5 17. c4 Bg4 18. Nxg4 hxg4 19. Ng5 Rg6 20. h4
gxh3 21. Nxh3 Rd8 22. Rxd8+ Kxd8 23. f3 Rh6 24. Kf2 Nf5 25. Nf4 Nd4 26. Rd1 Kc8
27. b3 g5 28. Nh3 Rg6 29. g4 Nc6 30. Rd5 Nd4 31. Ke3 c6 32. Rd6 Rxd6 33. exd6
f6 34. Nf2 Kd7 35. Ne4 f5 36. Nxg5 Kxd6 37. Kf4 fxg4 38. fxg4 Ne2+ 39. Kf5 Nc3
40. Ne4+ Nxe4 41. Kxe4 Ke6 42. g5 Kf7 43. Ke5 Kg6 44. Kd6 Kxg5 45. Kxc6 Kf6 46.
Kb7 1-0

[Event "Welsh Chess Championships"]
[Site "Cardiff, Wales"]
[Date "2017.04.15"]
[Round "3.2"]
[White "Heaven, Peter"]
[Black "Thomas, Ben"]
[Result "1/2-1/2"]
[WhiteElo "2022"]
[BlackElo "1936"]
[PlyCount "31"]
[EventDate "2017.??.??"]

1. e4 c5 2. Nf3 d6 3. d4 cxd4 4. Nxd4 a6 5. Nc3 Nf6 6. Bg5 Nbd7 7. Bc4 g6 8.
O-O Bg7 9. Re1 O-O 10. Qd2 Ne5 11. Bb3 Bd7 12. f4 Nc6 13. Nxc6 bxc6 14. h3 Qb6+
15. Qf2 Qxf2+ 16. Kxf2 1/2-1/2

[Event "Welsh Chess Championships"]
[Site "Cardiff, Wales"]
[Date "2017.04.15"]
[Round "3.3"]
[White "Saunders, Walter N. R"]
[Black "Jameson, David"]
[Result "0-1"]
[WhiteElo "2030"]
[BlackElo "2098"]
[PlyCount "62"]
[EventDate "2017.??.??"]

1. Nf3 d5 2. d4 c5 3. c3 Nc6 4. e3 Nf6 5. Nbd2 Bf5 6. dxc5 a5 7. Bb5 Qc7 8. Nd4
Bd7 9. Nxc6 bxc6 10. Ba4 Qa7 11. Nb3 e5 12. O-O Bxc5 13. Nxc5 Qxc5 14. Kh1 O-O
15. f3 Bf5 16. g4 Be6 17. Bc2 Rfd8 18. g5 Nd7 19. Qd3 e4 20. Qd4 Qb5 21. c4
dxc4 22. Qxe4 g6 23. a4 Qxg5 24. Qxc6 Ne5 25. Qb5 Qf6 26. Be4 Bh3 27. Bxa8 Bxf1
28. Qb7 Rd1 29. h3 Qg5 30. Qc8+ Kg7 31. f4 Bg2+ 0-1

[Event "Welsh Chess Championships"]
[Site "Cardiff, Wales"]
[Date "2017.04.15"]
[Round "3.4"]
[White "Pleasants, Allan J"]
[Black "Hatchett, Paul"]
[Result "1-0"]
[WhiteElo "1982"]
[BlackElo "2022"]
[PlyCount "47"]
[EventDate "2017.??.??"]

1. e4 Nf6 2. e5 Nd5 3. d4 d6 4. c4 Nb6 5. exd6 exd6 6. Nc3 Nc6 7. d5 Ne5 8. f4
Ned7 9. Nf3 Be7 10. Bd3 Nc5 11. O-O Nxd3 12. Qxd3 O-O 13. Be3 g6 14. Nd4 Bf6
15. Ne4 Bg7 16. Rae1 Nd7 17. b4 a5 18. a3 Re8 19. Bd2 axb4 20. axb4 Ra2 21. Nb5
b6 22. Bc3 Ba6 23. Bxg7 Bxb5 24. Ba1 1-0